| 000 | 00913cam a2200241 a 4500 | ||
|---|---|---|---|
| 001 | 000013899 | ||
| 005 | 20200929163406.0 | ||
| 008 | 001107s2000 ve b 001 0 spa | ||
| 020 | _a9803171674 | ||
| 040 |
_aDO-SdBNP _bspa _cDLC _dBNPHU |
||
| 082 |
_a327.116 _bM961u |
||
| 245 | 0 | 0 |
_aMultilateralismo : _bperspectivas latinoamericanas / _cFrancisco Rojas Aravena (editor). |
| 260 |
_aCaracas, (Venezuela) : _bFlacso-Chile, _bNueva Sociedad, _c2000. |
||
| 300 |
_a225 p. ; _c23 cm. |
||
| 504 | _aIncluye referencias bibliográficas. | ||
| 651 | 4 |
_aAmérica Latina _xRelaciones Económicas Exteriores _930739 |
|
| 651 | 4 |
_aAmérica Latina _xRelaciones Exteriores _94075 |
|
| 651 | 4 |
_aAmérica Latina _xIntegración Económica _928831 |
|
| 651 | 4 |
_aAmérica Latina _xPolítica Y Gobierno _y1980- _931493 |
|
| 700 | 1 |
_aRojas Aravena, Francisco. _eed. _931494 |
|
| 910 | _aCatalogación por copia / LC | ||
| 049 | _aBNGR | ||
| 999 |
_c13504 _d13504 |
||